00521nam a2200145Ia 4500008004100000020001800041082001900059100002500078245007900103260003500182300001000217942000700227999001900234952012200253191014s9999 xx 000 0 und d a3-540-90314-3 a531.01515bARN aV. I. Arnold 920400 0aGraduate Texts in Mathematics Mathematical Methods of Classical Mechanics  aBerlin bSpringer-Verlagc1978 aX,462 cBK c530980d530980 00104070aSNSbSNSd2019-10-15eDonationg0.00l1o531.01515ARNpSNS0002757r2023-01-16s2022-12-22w2019-10-15yBK